Austraccy skoczkowie z podium w pś - Statystyki

Ogólne statystyki
  • Ten quiz został rozwiązany 83 razy
    36 od ostatniego zresetowania
  • Średni wynik to 18 z 44
Statystyki odpowiedzi
Skoczek Podia % Poprawnych
Stefan Kraft 98
100%
Andreas Kofler 36
89%
Gregor Schlierenzauer 88
89%
Manuel Fettner 5
89%
Thomas Morgenstern 76
85%
Andreas Goldberger 63
78%
Fritz Koch 1
78%
Jan Hoerl 3
78%
Martin Koch 23
78%
Michael Hayboeck 22
78%
Wolfgang Loitzl 20
74%
Andreas Widhoelzl 49
63%
Daniel Huber 4
63%
Daniel Tschofenig 3
63%
Armin Kogler 37
56%
Thomas Diethart 3
56%
Phillip Aschenwald 2
52%
Andreas Felder 51
48%
Florian Liegl 8
48%
Stefan Horngacher 15
44%
Hubert Neuper 23
41%
Martin Hoelwarth 29
41%
Ernst Vettori 54
33%
Christian Nagiller 2
30%
Anton Innauer 3
26%
Heinz Kuttin 13
26%
Alois Lipburger 3
19%
Mathias Hafele 1
19%
Werner Schuster 1
19%
Werner Haim 6
15%
Werner Rahtmayr 12
15%
Franz Neulandter 6
11%
Hans Millonig 3
11%
Hans Wallner 4
11%
Manfred Steiner 2
11%
Andi Rauschmeier 1
7%
Gunther Stranner 1
7%
Reinhard Swarzenberger 7
7%
Adolf Hirner 1
4%
Alfred Groyer 5
4%
Christian Moser 1
4%
Franz Wiegele 1
4%
Oliver Strohmaier 1
4%
Richard Schallert 4
4%
Nie znaleziono quizów pasujących do podanych kryteriów
Rozkład punktacji
Procent ludzi z każdym wynikiem
Percentyl według liczby udzielonych odpowiedzi
Twoja historia wyników
Nie rozwiązałeś tego quizu od ostatniego zresetowania